00429cam a2200169ua 450000100060000000800390000602000150004504000090006004100080006908200080007710000320008524500580011725000120017526000460018730000120023365300140024510252171109n ii |||gr||||Z||||||eng a817381189X cMAIN aeng a330 aMukherjee, Sampat,eAuthor. aEconomic principles and problemscBy Sampat Mukherjee a9th ed. aKolkata:bNew central book agency,c2004. a1684 P. aEconomics